[Event "Mittelrhein Verbandsliga-N 18/19"]
[Site "Nordrheinwestfalen"]
[Date "2019.05.05"]
[Round "10.5"]
[White "Udelhofen, Willi"]
[Black "Bosbach, Jens"]
[Result "1/2-1/2"]
[WhiteElo "1870"]
[BlackElo "1855"]
[PlyCount "26"]
[EventDate "2018.09.02"]
[EventType "team-tourn"]
[EventRounds "12"]
[EventCountry "GER"]
[SourceTitle "EXT 2022"]
[Source "ChessBase"]
[SourceDate "2021.10.06"]
[SourceVersion "1"]
[SourceVersionDate "2021.10.06"]
[SourceQuality "1"]
[WhiteTeam "Eikamp ISVFB"]
[BlackTeam "Baumberg"]
[WhiteTeamCountry "GER"]
[BlackTeamCountry "GER"]

1. d4 Nf6 2. c4 e6 3. Nf3 b6 4. g3 Bb7 5. Bg2 Bb4+ 6. Bd2 Be7 7. 0-0 0-0 8. Nc3 d6 9. Qc2 Nbd7 10. Rad1 Re8 11. e4 Nf8 12. Rfe1 N6d7 13. Be3 Ng6 1/2-1/2

[Event "Mittelrhein Verbandsliga-N 17/18"]
[Site "Nordrheinwestfalen"]
[Date "2018.04.15"]
[Round "10.5"]
[White "Udelhofen, Willi"]
[Black "Brungs, Sven"]
[Result "1/2-1/2"]
[WhiteElo "1893"]
[BlackElo "1762"]
[PlyCount "28"]
[EventDate "2017.09.10"]
[EventType "team-swiss"]
[EventRounds "11"]
[EventCountry "GER"]
[SourceTitle "EXT 2022"]
[Source "ChessBase"]
[SourceDate "2021.10.06"]
[SourceVersion "1"]
[SourceVersionDate "2021.10.06"]
[SourceQuality "1"]
[WhiteTeam "Eikamp Freibauer"]
[BlackTeam "Porz SG IV"]
[WhiteTeamCountry "GER"]
[BlackTeamCountry "GER"]

1. d4 d5 2. c4 dxc4 3. e3 e5 4. dxe5 Qxd1+ 5. Kxd1 Nc6 6. Bxc4 Nxe5 7. Be2 Bf5 8. Nf3 Rd8+ 9. Nbd2 Nxf3 10. Bxf3 c6 11. e4 Be6 12. Kc2 Bc5 13. Re1 h6 14. Be2 Nf6 1/2-1/2

[Event "Mittelrhein Verbandsliga-N 17/18"]
[Site "Nordrheinwestfalen"]
[Date "2017.12.03"]
[Round "5.5"]
[White "Blomeyer, Peter"]
[Black "Udelhofen, Willi"]
[Result "1-0"]
[WhiteElo "1794"]
[BlackElo "1893"]
[PlyCount "45"]
[EventDate "2017.09.10"]
[EventType "team-swiss"]
[EventRounds "11"]
[EventCountry "GER"]
[SourceTitle "EXT 2022"]
[Source "ChessBase"]
[SourceDate "2021.10.06"]
[SourceVersion "1"]
[SourceVersionDate "2021.10.06"]
[SourceQuality "1"]
[WhiteTeam "Leverkusen Koenigsspringer"]
[BlackTeam "Eikamp Freibauer"]
[WhiteTeamCountry "GER"]
[BlackTeamCountry "GER"]

1. c4 Nf6 2. Nf3 g6 3. g3 c6 4. b3 Bg7 5. Bb2 0-0 6. Bg2 d5 7. 0-0 dxc4 8. bxc4 Qb6 9. Qc2 Na6 10. Nc3 Bf5 11. d3 Rad8 12. Rab1 Qc7 13. Na4 b5 14. Be5 Qd7 15. Nb2 b4 16. Qa4 Qc8 17. a3 c5 18. axb4 cxb4 19. Ra1 Nc5 20. Qxb4 a6 21. Nd4 Bd7 22. Ra5 Ne6 23. Bb7 1-0

[Event "Mittelrhein Verbandsliga-M 15/16"]
[Site "Nordrheinwestfalen"]
[Date "2015.10.18"]
[Round "3.5"]
[White "Roehrig, Kurt"]
[Black "Udelhofen, Willi"]
[Result "1-0"]
[WhiteElo "1813"]
[BlackElo "1925"]
[PlyCount "49"]
[EventDate "2015.09.06"]
[EventType "team-tourn"]
[EventRounds "11"]
[EventCountry "GER"]
[SourceTitle "EXT 2022"]
[Source "ChessBase"]
[SourceDate "2021.10.06"]
[SourceVersion "1"]
[SourceVersionDate "2021.10.06"]
[SourceQuality "1"]
[WhiteTeam "Koeln Muelheim"]
[BlackTeam "Eikamp Freibauer"]
[WhiteTeamCountry "GER"]
[BlackTeamCountry "GER"]

1. d4 Nf6 2. c4 g6 3. Nc3 d5 4. cxd5 Nxd5 5. e4 Nxc3 6. bxc3 Bg7 7. Be3 0-0 8. f4 c5 9. Qd2 Qa5 10. Rd1 Rd8 11. e5 cxd4 12. cxd4 Qxd2+ 13. Rxd2 Be6 14. Nf3 f6 15. Bd3 Nc6 16. Be4 Nb4 17. Rb2 Nd5 18. Bd2 Rd7 19. 0-0 Rad8 20. Kf2 b6 21. g3 Rc7 22. Rc2 Rdc8 23. Rfc1 Kf7 24. Rxc7 Rxc7 25. Bxd5 1-0